Panduan Sembahyang [ Sri 2

Bibliographic Details
Format: Book
Published: Kuala Lumpur : KD enterprise , n.d
Subjects:

MARC

LEADER 00000cam a2200000 7i4500
001 0000017723
005 20061130.0
040 |a INS 
090 0 0 |a BP 175 
245 0 0 |a Panduan Sembahyang [  |h video recording] :   |b Sri 2 
260 |a Kuala Lumpur :   |b KD enterprise ,   |c n.d 
300 |a 1 Video cassette (VHS) ( ) :   |b sd., col. ;   |c 1/2 in. 
650 0 0 |a Islam   |x Rituals 
999 |a VHS175   |b VIDEO   |c Media Collection   |e Default branch